Catalog

Record Details

Catalog Search



Private Krankenversicherung (PKV) im Nationalsozialismus : Unternehmens- und sozialgeschichtliche Studie unter besonderer Berücksichtigung der Deutschen Krankenversicherung AG (DKV) / Ingo Böhle

Record details

  • ISBN: 3-935964-34-X (brož.)
  • Physical Description: 312 s. ; 21 cm
  • Publisher: Frankfurt am Main : Mabuse-Verlag, c2003

Content descriptions

General Note:
Původně disertace: Universität Hamburg, 2002
Bibliography, etc. Note:
Obsahuje bibliografii

Available copies

  • 1 of 1 copy available at Common Catalog SPOK.

Holds

  • 0 current holds with 1 total copy.
Show Only Available Copies
Location Call Number / Copy Notes Barcode Shelving Location Status Due Date
Terezin Initiative Institute 4190 4594304190 Knihovna ITI Available -

LDR 01197cam a2200325 a 4500
00127329
003CZ-PrJAB
00520221026114103.0
008040609s2003 gw gr 000 0 ger
020 . ‡a3-935964-34-X (brož.)
035 . ‡a(CONS)2148
035 . ‡a(CZ PrSKC)zpk20041325599
035 . ‡a(OCoLC)53938939
040 . ‡bcze ‡cOCLC ‡dABA001
080 . ‡a364.32 ‡2MRF
080 . ‡a(430) ‡2MRF
080 . ‡a(048.8) ‡2MRF
1001 . ‡aBöhle, Ingo, ‡d1956- ‡7jn20040617006 ‡4aut
24510. ‡aPrivate Krankenversicherung (PKV) im Nationalsozialismus : ‡bUnternehmens- und sozialgeschichtliche Studie unter besonderer Berücksichtigung der Deutschen Krankenversicherung AG (DKV) / ‡cIngo Böhle
260 . ‡aFrankfurt am Main : ‡bMabuse-Verlag, ‡cc2003
300 . ‡a312 s. ; ‡c21 cm
4901 . ‡aMabuse-Verlag Wissenschaft ; ‡v71
500 . ‡aPůvodně disertace: Universität Hamburg, 2002
504 . ‡aObsahuje bibliografii
830 0. ‡aMabuse-Verlag Wissenschaft
8524 . ‡bJACH-ITI ‡bJACH-ITI ‡cKnihovna ITI ‡j4190 ‡p4190 ‡y$0.00
910 . ‡aABE340 ‡b4190
995 . ‡askok
901 . ‡a27329 ‡bISxN ‡c27329 ‡tbiblio

Additional Resources